| 000 | 00784cam a2200265 a 4500 | ||
|---|---|---|---|
| 003 | UPN | ||
| 005 | 20240514063700.0 | ||
| 008 | 200207s2014 mx fr 000 0 spa d | ||
| 020 | _a9786070255830 | ||
| 035 | _aUPN01000235377 | ||
| 040 |
_aMX-MxUPN _bspa |
||
| 050 | 4 |
_aBF511 _bP66 2014 |
|
| 100 | 1 |
_aPonce Miotti, Ana Luisa _948665 |
|
| 245 | 1 | 0 | _aAfectividad y comprensión |
| 250 | _aPrimera edición | ||
| 260 |
_aMéxico : _bUNAM, _c2014. |
||
| 300 | _a156 páginas | ||
| 490 | 0 |
_aColección Seminario de Investigación sobre Sociedad del Conocimiento y Diversidad Cultural ; _v2 |
|
| 650 | 4 |
_aAfectividad _92027 |
|
| 650 | 4 |
_aTeoría del conocimiento _91707 |
|
| 902 | _bVíctorGodínez/180423/M | ||
| 905 | _aLibro | ||
| 942 |
_2lcc _cLIBRO |
||
| 999 |
_c207472 _d207472 |
||